000 00381nam a2200133Ia 4500
008 151001s9999||||xx |||||||||||||| ||und||
100 _aदुर्गा - भागवत
245 _aकाश्मीरच्या लोककथा भाग दुसरा
250 _a1
260 _bवरदा बुक्स
260 _c1976
300 _a79
365 _b18
999 _c958939
_d958936